000 00675nam a2200253Ia 4500
003 OSt
005 20221006145103.0
006 a|||||r|||| 00| 0
007 ta
008 221006b |||||||| |||| 00| 0 eng d
020 _a0520023935
_c
_8.75
024 _a13,745
037 _cTextual
040 _aEASL
_cEASL
_beng
041 _2eng
_aeng
082 _aV58:194(zB).N7, L3
100 _aJUKES Geofrey
_9653489
245 0 _aSoviet union in Asia
260 _aBerkeley
_bUniversity of California Press
_c1973
300 _a304p.
_ccm.
490 _v Oth
942 _hV58:194(zB).N7, L3
_cTEXL
_2CC
999 _c1081831
_d1081831